000 01181cam a2200205 4500
001 WS118269
008 020531n 000 0 eng u
035 _a(Sirsi) u118269
110 _aCoal Authority
_93716
245 4 _aThe Coal Authority
520 _aWeb site for this body established by Parliament to undertake specific statutory responsibilities in association with licensing coal mining in Britain, handling subsidence claims which are not the responsibility of licensed coal operators, dealing with property and historic liability issues such as treatment of minewater discharges and providing public access to information on past and present coal mining operations. Includes the mining report service which enables you to check if a property is affected by coal mining activity, licensing model documents and an explanation of claimant's surveyors fees in subsidence cases.
650 _aCOAL MINING
650 _aSUBSIDENCE
650 _aSURVEYORS' FEES
650 _aMODEL DOCUMENTS
650 _aMINEWATER DISCHARGE
690 _aMINING AND MINERALS
856 4 0 _uhttps://www.coal.gov.uk
_zView the website free of charge at www.coal.gov.uk...
942 _n0
999 _c120061
_d120061